Learning Resource and Development

Multimedia security 2 : (Record no. 29112)

MARC details
000 -LEADER
fixed length control field 02496nam a22003615i 4500
001 - CONTROL NUMBER
control field 22387192
003 - CONTROL NUMBER IDENTIFIER
control field CSPC
005 - DATE AND TIME OF LATEST TRANSACTION
control field 20250311144739.0
008 - FIXED-LENGTH DATA ELEMENTS--GENERAL INFORMATION
fixed length control field 220118s2022 nju 000 0 eng
010 ## - LIBRARY OF CONGRESS CONTROL NUMBER
LC control number 2022930820
020 ## - INTERNATIONAL STANDARD BOOK NUMBER
International Standard Book Number 9781789450279
040 ## - CATALOGING SOURCE
Original cataloging agency DLC
Language of cataloging eng
Description conventions rda
Transcribing agency DLC
Modifying agency CSPC
042 ## - AUTHENTICATION CODE
Authentication code pcc
050 04 - LIBRARY OF CONGRESS CALL NUMBER
Classification number QA76.575
Item number .P84
082 04 - DEWEY DECIMAL CLASSIFICATION NUMBER
Classification number 006.7
Item number M919
Edition number 23
245 00 - TITLE STATEMENT
Title Multimedia security 2 :
Remainder of title biometrics, video surveillance and multimedia encryption /
Statement of responsibility, etc. coordinated by William Puech.
263 ## - PROJECTED PUBLICATION DATE
Projected publication date 2202
264 #1 - PRODUCTION, PUBLICATION, DISTRIBUTION, MANUFACTURE, AND COPYRIGHT NOTICE
Place of production, publication, distribution, manufacture London ;
-- Hoboken, New Jersey :
Name of producer, publisher, distributor, manufacturer ISTE Ltd / John Wiley and Sons, Inc.,
Date of production, publication, distribution, manufacture, or copyright notice 2022.
300 ## - PHYSICAL DESCRIPTION
Extent xvii, 297 pages :
Other physical details illustrations ;
Dimensions 24 cm.
336 ## - CONTENT TYPE
Content type term text
Content type code txt
Source rdacontent
337 ## - MEDIA TYPE
Media type term unmediated
Media type code n
Source rdamedia
338 ## - CARRIER TYPE
Carrier type term volume
Carrier type code nc
Source rdacarrier
490 0# - SERIES STATEMENT
Series statement Sciences. Image : compression, coding and protection of images and videos
504 ## - BIBLIOGRAPHY, ETC. NOTE
Bibliography, etc. note Includes bibliographical references and index.
505 0# - FORMATTED CONTENTS NOTE
Formatted contents note Biometrics and applications -- Protecting documents using printed Anticopy elements -- Verifying document integrity -- Image crypto-compression -- Crypto-compression of videos -- Processing encrypted multimedia data using homomorphic encryption -- Data hiding in the encrypted domain -- Sharing secret images and 3D objects.
520 ## - SUMMARY, ETC.
Summary, etc. "Today, more than 80% of the data transmitted over networks and archived on our computers, tablets, cell phones or clouds is multimedia data images, videos, audio, 3D data. The applications of this data range from video games to healthcare, and include computer-aided design, video surveillance and biometrics. It is becoming increasingly urgent to secure this data, not only during transmission and archiving, but also during its retrieval and use. Indeed, in today's "all-digital" world, it is becoming ever-easier to copy data, view it unrightfully, steal it or falsify it. Multimedia Security 2 analyzes issues relating to biometrics, protection, integrity and encryption of multimedia data. It also covers aspects such as crypto-compression of images and videos, homomorphic encryption, data hiding in the encrypted domain and secret sharing."
650 #0 - SUBJECT ADDED ENTRY--TOPICAL TERM
Topical term or geographic name entry element Multimedia systems
Form subdivision Security measures.
700 1# - ADDED ENTRY--PERSONAL NAME
Personal name Puech, William,
Relator term coordinator.
906 ## - LOCAL DATA ELEMENT F, LDF (RLIN)
a 0
b ibc
c orignew
d 2
e epcn
f 20
g y-gencatlg
942 ## - ADDED ENTRY ELEMENTS (KOHA)
Source of classification or shelving scheme Dewey Decimal Classification
Koha item type Books
Classification part 006.7
Item part M919
Call number prefix CIR
Call number suffix 2022
Suppress in OPAC No
Edition 23
Holdings
Withdrawn status Lost status Source of classification or shelving scheme Damaged status Not for loan Home library Current library Shelving location Date acquired Total Checkouts Full call number Barcode Date last seen Copy number Price effective from Koha item type
    Dewey Decimal Classification     Main Library Main Library Circulation Section 03/11/2025   CIR 006.7 M919 2022 029142 03/11/2025 1-1 03/11/2025 Books